000 00307nam a22001337a 4500
008 181010b xxu||||| |||| 00| 0 eng d
020 _a9780077299392
041 _aeng
080 _22nd
_a330.722
100 _a61
101 _aKF
245 _aComputer Accounting Essentials
_cYacht,C
942 _2udc
_cBK
999 _c49321
_d49321